[Event "Menorca op-B 4th"]
[Site "Ciutadella"]
[Date "2025.04.20"]
[Round "7"]
[White "Nevado Jimenez, Sergio"]
[Black "Blanco Ros, Adrian"]
[Result "1/2-1/2"]
[WhiteElo "1876"]
[BlackElo "1795"]
[PlyCount "140"]
[EventDate "2025.04.16"]
[EventType "swiss"]
[EventRounds "9"]
[EventCountry "ESP"]
[SourceTitle "CB18_2025"]
[SourceDate "2025.04.30"]
[SourceVersion "1"]
[SourceVersionDate "2025.04.30"]
[SourceQuality "1"]

1. d4 Nf6 2. Bf4 e6 3. e3 c5 4. Nc3 d5 5. Nb5 Na6 6. c3 Be7 7. Nf3 0-0 8. Bd3 Qb6 9. a4 Bd7 10. 0-0 c4 11. Be2 Bxb5 12. axb5 Qxb5 13. b3 Qxb3 14. Qxb3 cxb3 15. Bxa6 bxa6 16. Rfb1 Nh5 17. Be5 f6 18. Bc7 Rfc8 19. Ba5 g5 20. Rxb3 Rab8 21. Rab1 Bd6 22. Ne1 Ng7 23. Nd3 Rxb3 24. Rxb3 Rb8 25. Rxb8+ Bxb8 26. Nb4 Bd6 27. Nc6 Ne8 28. Nxa7 Kf7 29. Nc6 Bc7 30. Kf1 h5 31. Ke2 Kg6 32. g3 Bxa5 33. Nxa5 Nd6 34. Kd3 Kf5 35. f3 e5 36. Nc6 e4+ 37. fxe4+ Nxe4 38. Nb4 Kg4 39. Nxd5 f5 40. Ne7 h4 41. gxh4 gxh4 42. d5 Kg5 43. Nc6 h3 44. Nd4 a5 45. c4 a4 46. Kc2 Kf6 47. Kb2 Ke5 48. Nf3+ Kd6 49. Nd4 Kc5 50. Nxf5 Kxc4 51. d6 Nc5 52. e4 Kb5 53. Nd4+ Kc4 54. Nc6 Kb5 55. Ne5 Kb6 56. Nc4+ Kb5 57. Ne5 Kb6 58. Nc4+ Kb5 59. Na3+ Kc6 60. Nc4 Nxe4 61. Ka3 Nxd6 62. Ne5+ Kb5 63. Nf3 Nc4+ 64. Ka2 Kb4 65. Ng5 Nd2 66. Nxh3 Nf1 67. Nf2 Nxh2 68. Nd3+ Kc3 69. Nc5 Kb4 70. Nxa4 Kxa4 1/2-1/2

[Event "Valencia Monteolivete op 4th"]
[Site "Valencia"]
[Date "2024.07.19"]
[Round "7"]
[White "Nevado Jimenez, Sergio"]
[Black "Perez Perez, Gabriel"]
[Result "0-1"]
[WhiteElo "1813"]
[BlackElo "2124"]
[PlyCount "44"]
[EventDate "2024.07.15"]
[EventType "swiss"]
[EventRounds "9"]
[EventCountry "ESP"]
[SourceTitle "EXT 2025"]
[Source "ChessBase"]
[SourceDate "2024.10.14"]
[SourceVersion "1"]
[SourceVersionDate "2024.10.14"]
[SourceQuality "1"]

1. d4 Nf6 2. Bf4 Nh5 3. Bg5 h6 4. Bd2 Nf6 5. Nf3 c5 6. dxc5 Ne4 7. e3 Nxc5 8. b4 Ne4 9. Bd3 Nxd2 10. Nbxd2 e6 11. a3 g6 12. Nc4 d6 13. 0-0 Bg7 14. Nxd6+ Qxd6 15. Bb5+ Ke7 16. Bd3 Bxa1 17. Qxa1 Rg8 18. Rd1 Qc7 19. c4 Nd7 20. Qd4 Nf6 21. Ne5 g5 22. Qc3 Rd8 0-1

[Event "Valencia Monteolivete op 4th"]
[Site "Valencia"]
[Date "2024.07.17"]
[Round "5"]
[White "Nevado Jimenez, Sergio"]
[Black "Juan Mas, Santiago"]
[Result "1-0"]
[WhiteElo "1813"]
[BlackElo "1998"]
[PlyCount "93"]
[EventDate "2024.07.15"]
[EventType "swiss"]
[EventRounds "9"]
[EventCountry "ESP"]
[SourceTitle "EXT 2025"]
[Source "ChessBase"]
[SourceDate "2024.10.14"]
[SourceVersion "1"]
[SourceVersionDate "2024.10.14"]
[SourceQuality "1"]

1. d4 b6 2. Bf4 Bb7 3. Nf3 Nf6 4. e3 d6 5. Bd3 Nh5 6. Bg5 h6 7. Bh4 g5 8. Bg3 Nxg3 9. hxg3 Bg7 10. Nc3 e6 11. Qe2 Nd7 12. 0-0-0 a6 13. Nd2 b5 14. f4 c5 15. Nce4 Qc7 16. f5 exf5 17. Nc3 0-0-0 18. Bxb5 axb5 19. Nxb5 Qb8 20. Nc4 Bf8 21. dxc5 Ba6 22. Nbxd6+ Bxd6 23. Rxd6 Qb5 24. Rxa6 Qxc5 25. Qf3 Nb8 26. Nb6+ Kc7 27. Na8+ Kc8 28. Ra3 g4 29. Qf4 Qd6 30. Qxf5+ Rd7 31. Rd3 Qe6 32. Qxe6 fxe6 33. Nb6+ Kc7 34. Nxd7 Nxd7 35. Rh5 e5 36. Rxd7+ Kxd7 37. Rxe5 Rf8 38. Rd5+ Kc6 39. Rd4 Rf1+ 40. Kd2 Rf2+ 41. Kd3 h5 42. Rc4+ Kb6 43. Ke4 Rxg2 44. Kf4 Rh2 45. b3 Rh3 46. e4 Rh1 47. e5 1-0